Listy Leopolda Laholu Albertovi Marenčinovi (1966-1967)

Bibliographic Details
Format: Article
Language:Slovak
ISSN:1335-1893
Subjects:

MARC

LEADER 00000nab a2200000 a 4500
001 vtls009482375
003 SK-MaSNL
005 20260304154422.0
008 250507c2008 xo fr|p|||||||000 b|slo
015 |a SNBRB2009/03  |2 snkbucl 
035 |a (sysno)vtls009482375 
035 |a urn:nbn:sk:snk-ab7dg1 
035 |a (uuid)b33bfda0-01ad-470c-b093-42a3bc352e27 
035 |a (urnnbn)urn:nbn:sk:snk:ar-a07qlu 
038 |a SNKBUCL 
040 |a SNKBUCL  |b slo  |c SNKBUCL  |e AACR2 
041 0 |a slo 
044 |a xo  |c SK 
080 |a 791.632-051  |2 2001 
080 |a 821.162.4:929  |2 2001 
245 0 0 |a Listy Leopolda Laholu Albertovi Marenčinovi (1966-1967) 
600 1 7 |a Lahola, Leopold,  |d 1918-1968  |2 snkbucl  |9 99748 
600 1 7 |a Marenčin, Albert,  |d 1922-2019  |2 snkbucl  |9 90090 
650 0 7 |a korešpondencia  |2 snkbucl  |9 645 
773 0 |t Kino-Ikon  |g Roč. 12, č. 1 (2008), s. 211-215  |x 1335-1893 
850 |a Slovenská národná knižnica 
852 |a Slovenská národná knižnica 
954 |a odborná, vedecká literatúra pôvodná (slovenská)  |2 lita 
958 |a article2022 
958 |a SK 
958 |a DE 
958 |a OND 
958 |a EUIPO 
999 |c 2957608  |d 2959538